Jeux vidéos par Logos #3 - Statistiques

Statistiques générales
  • Ce quiz a été pris 179 fois
  • Le résultat moyen est 8 sur 20
Statistiques - réponses
Par images Réponse % Correct
Counter Strike
95%
Splatoon
75%
Cyberpunk 2077
66%
Sea of Thieves
59%
Cookie Clicker
57%
Call Of Duty : Black Ops 3
55%
Subnautica
55%
Euro Truck Simulator
45%
Dead by Daylight
40%
Cooking Mama
37%
Score Hero
37%
Rust
34%
Dota
28%
Grand Theft Auto San Andreas
28%
Hill Climb Racing
28%
Golf It
25%
Marvel Rivals
21%
War Thunder
21%
Lost Ark
14%
Hogwarts Legacy : L'héritage de Poudlard
5%
Aucun quiz correspondant
Distribution des résultats
% des personnes avec chaque résultat
Percentile par nombre de réponses
Votre historique - résultats
Vous n’avez pas pris ce quiz